000 00778nam a2200193Ii 4500
003 JO-AjNU
008 230605s9999||||xx |||||||||||||| ||und||
040 _aJO-AjNU
_bara
_erda
_cJO-AjNU
041 _aara
050 1 4 _aKMM163.J67 1981
100 3 _aاعداد المكتب الفني بادارة نبيل، طارق شفيق، نقابة المحامين,
_eauthor
_947226
245 0 0 _aمجموعة التشريعات المتعلقة بالمحامين
264 3 1 _aنقابة المحامين الاردنيين: المكتب الفني، 1981
300 _a140ص
336 _atext
_btxt
_2rdacontent
337 _aunmediated
_bn
_2rdamedia
338 _avolume
_bnc
_2rdacarrier
650 4 _aقانون المحامين - قانون اداري - الاردن
_947227
999 _aA20601
_c24169
_d24169